Organizace a lidé = Organisation and people /

Hlavní autor: Lukášová, Růžena, 1958-
Korporativní autor: Nottingham Business School
Další autoři: Rais, Karel, 1949-, Vysoké učení technické v Brně. Podnikatelská fakulta
Jazyk: Čeština
Vydáno: Brno : Zdeněk Novotný, 2003
Vydání: Vyd. 7. přeprac.
Edice: Studijní text pro studium BA Hons
Témata:
Externí odkaz: Digitalizovaný dokument
Fyzický popis: 96 s. : il. ; 21 cm
Knihy
Uloženo v:
LEADER 02192nam a2200517 a 4500
001 000696458
003 CZ BrMZK
005 20050103150226.0
007 ta
008 031111s2003 xr a e p 000 0 cze d
015 |a cnb001290330 
020 |a 80-86510-88-3  |q (brož.) 
035 |a (OCoLC)51192494 
040 |a BOA001  |b cze 
072 7 |a 658  |x Řízení a správa podniku  |2 Konspekt  |9 4 
072 7 |a 37.016  |x Učební osnovy. Vyučovací předměty. Učebnice  |2 Konspekt  |9 22 
080 |a 658  |2 MRF 
080 |a 005.32  |2 MRF 
080 |a 316.46/.47  |2 MRF 
080 |a (075.8)  |2 MRF 
100 1 |a Lukášová, Růžena,  |d 1958-  |7 jn20001227536  |4 aut 
245 1 0 |a Organizace a lidé =  |b Organisation and people /  |c Růžena Lukášová, Karel Rais 
246 3 1 |a Organisation and people 
250 |a Vyd. 7. přeprac. 
260 |a Brno :  |b Zdeněk Novotný,  |c 2003 
300 |a 96 s. :  |b il. ;  |c 21 cm 
490 1 |a Studijní text pro studium BA Hons 
500 |a 70 výt 
500 |a Nad názvem: Fakulta podnikatelská. VUT v Brně; Nottingham business school the Nottingham trent university 
504 |a Obsahuje bibliografii a bibliografické odkazy 
500 |a Dostupné též v digitální podobě v aplikaci Kramerius 
650 0 7 |a podnikový management  |7 ph115763  |2 czenas 
650 0 7 |a psychologie řízení  |7 ph136831  |2 czenas 
650 0 7 |a organizační chování  |7 ph115603  |2 czenas 
650 0 7 |a řídící práce  |7 ph128306  |2 czenas 
655 7 |a učebnice vysokých škol  |7 fd133772  |2 czenas 
700 1 |a Rais, Karel,  |d 1949-  |7 jn20001227537  |4 aut 
710 2 |a Nottingham Business School  |7 kn20020321634 
710 2 |a Vysoké učení technické v Brně.  |b Podnikatelská fakulta  |7 kn20010709420 
830 0 |a Studijní text pro studium BA Hons 
856 4 1 |u http://www.digitalniknihovna.cz/mzk/uuid/uuid:066c4400-4d4c-11e5-8851-005056827e51  |y Digitalizovaný dokument  |x NDK 
910 |a BOA001  |b 2-1126.073 
990 |a BK 
991 |d dopl 
996 6 |b 2610203086  |c 2-1126.073  |l MZK  |r Sklad / do 1 hodiny  |n 4  |p p.v.  |w 000696458  |u 000010  |a 1  |e BOA001  |j MZK50  |s P 
996 7 |b 2610843709  |c 2-1126.073  |l MZK  |r Sklad / do 1 hodiny  |n 0  |p dar  |w 000696458  |u 000030  |a 1  |e BOA001  |j MZK50  |s A